1332 1498 1017 1065 1916 1688 1841 1733 1128 1586 1886 1991 1203 1101 1461 1210 1994 1003 1645 1457 1897 1394 1378 1493 1056 1522 1363 1326 1481 1574 1634 1734 1494 1638 1806 1699 1239 1439 1219 1123 1011 1217 1159 1942 1972 1582 1300 1233 1053 1933 1966 1561 1723 1822 1933 1217 1591 1318 1979 1390 1775 1556 1287 1869 1659 1199 1431 1829 1760 1096 1596 1637 1748 1938 1215 1677 1299 1064 1021 1928 1734 1305 1887 1319 1785 1339 1729 1569 1932 1203 1834 1135 1113 1721 1132 1815 1775 1030 1254 BCNSPRNW ULIB Ver.6.0+V

เปลี่ยนเป็นภาษาไทย

Change to English
 แสดงรายละเอียดบรรณานุกรม
  กลับหน้าหลัก

Brief Record : Get Marc (ISO 2709) : E-mail record : QR code < ปิดหน้าต่าง
LEADER : 00000nam 2200000uu 4500
001    13399126790
003     ULIB
008    190306s2561||||th 000 0 tha d
020    ^a9786163660510
050    ^aนว^bด179ม
100    ^aดวงตะวัน
245    ^aมังกรเริงจันทร์ ชุดซีรีส์ราชสีห์/^cดวงตะวัน
260    ^aกรุงเทพฯ :^bดวงตะวัน,^c2561
300    ^a515 หน้า;^b21 ซม.
490 0  ^aราชสีห์ ;^v7
650    ^aนวนิยาย
945    ^p370^l0^i27285
999    ^aกัณชพร จุลอักษร
รายการนี้ยังไม่มีแท็ก
คุณยังไม่ได้ล็อกอิน คุณสามารถมีกิจกรรมร่วมกับเว็บไซต์ได้ แต่ต้องล็อกอินก่อน ::
  ล็อกอิน

รายการสื่อสารสนเทศ

ลำดับที่ ประเภท เลขเรียก/บาร์โค้ด สถานที่ สถานะ
1. วิทยาศาสตร์การแพทย์ และสุขภาพ
วิทยาศาสตร์การแพทย์ และสุขภาพ
นว ด179ม ฉ.1 
  Barcode: 27285
ห้องสมุดวิทยาเขตสวรรค์ประชารักษ์
►นวนิยาย
บนชั้น
  ขอยืม

รายการใกล้เคียง
    ผู้แต่ง [ดวงตะวัน]

    หัวเรื่อง [นวนิยาย]

BibComment


ยังไม่เคยถูกคอมเมนท์

คอมเมนท์ทรัพยากรรายการนี้
  คอมเมนท์: มังกรเริงจันทร์ ..


 Copyright 2026. Bcnsprnw @Library